Firemní dárky 2024, aneb 3D reklama dnes

Začnite premýšľať, koho chcete obdarovať. Veľmi obľúbené sú rôzne darčekové sady. Vyberte si teda potravinový alebo kozmetický balíček s nízkou uhlíkovou stopou vyrobený organicky. Českí výrobcovia budú tento rok kraľovať dodávateľom lacnejších a luxusnejších darčekových balení. Tradiície máme vo vý...

Ausführliche Beschreibung

Gespeichert in:
Bibliographische Detailangaben
1. Verfasser: Černá, Viera
Format: Buchkapitel
Sprache:Tschechisch
Schlagworte:
Tags: Tag hinzufügen
Keine Tags, Fügen Sie das erste Tag hinzu!

MARC

LEADER 00000naa a2200000 4500
001 0304567
005 20241014082918.3
041 0 |a cze 
044 |a CZ 
245 1 0 |a Firemní dárky 2024, aneb 3D reklama dnes  |c Viera Černá 
520 |a Začnite premýšľať, koho chcete obdarovať. Veľmi obľúbené sú rôzne darčekové sady. Vyberte si teda potravinový alebo kozmetický balíček s nízkou uhlíkovou stopou vyrobený organicky. Českí výrobcovia budú tento rok kraľovať dodávateľom lacnejších a luxusnejších darčekových balení. Tradiície máme vo výrobe čokolády, syrov, vína, ale aj skla a kože. 
610 2 0 |a marketing 
610 2 0 |a reklama 
610 2 0 |a hodnota pridaná 
610 2 0 |a zodpovednosť spoločenská 
610 2 0 |a Česko 
100 1 |a Černá, Viera